[Event "WJCC U20 Girls 2019"]
[Site "New Delhi"]
[Date "2019.10.19"]
[Round "6.22"]
[White "Mungunzul, Bat-Erdene"]
[Black "Narva, Mai"]
[Result "1-0"]
[WhiteElo "1912"]
[BlackElo "2378"]
[Annotator "NA"]
[PlyCount "269"]
[EventDate "2019.10.15"]
[EventType "swiss"]
[EventCountry "IND"]
[SourceTitle "playchess.com"]
[Source "ChessBase"]
[SourceQuality "1"]
[TimeControl "40/5400+30:1800+30"]

1. d4 {[%emt 0:00:00]} Nf6 {[%emt 0:00:00]} 2. Nf3 {[%emt 0:00:00]} e6 {[%emt 0:00:00]} 3. Bf4 {[%emt 0:00:00]} b6 {[%emt 0:00:11]} 4. e3 {[%emt 0:00:14]} Bb7 {[%emt 0:00:17]} 5. Bd3 {[%emt 0:00:27]} Be7 {[%emt 0:00:32]} 6. h3 {[%emt 0:00:19]} c5 {[%emt 0:00:16]} 7. c3 {[%emt 0:01:01]} O-O {[%emt 0:00:18]} 8. Nbd2 {[%emt 0:01:44]} d6 {[%emt 0:01:02]} 9. Qe2 {[%emt 0:01:31]} a6 {[%emt 0:00:34]} 10. a4 {[%emt 0:00:57]} Nbd7 {[%emt 0:00:37]} 11. O-O {[%emt 0:09:16]} cxd4 {[%emt 0:01:18]} 12. exd4 {[%emt 0:00:35]} Qc7 {[%emt 0:00:23]} 13. Bg3 {[%emt 0:13:39]} Rfe8 {[%emt 0:00:55]} 14. Rfe1 {[%emt 0:05:37]} Nf8 {[%emt 0:02:18]} 15. Ng5 {[%emt 0:04:20]} Qc6 {[%emt 0:03:28]} 16. f4 {[%emt 0:06:15]} Ng6 {[%emt 0:02:47]} 17. Bh2 {[%emt 0:14:42]} Bd8 {[%emt 0:03:56]} 18. Qf2 {[%emt 0:03:52]} Nd5 {[%emt 0:14:03]} 19. Be4 {[%emt 0:05:20]} Qd7 {[%emt 0:03:27]} 20. Bxg6 {[%emt 0:03:46]} hxg6 {[%emt 0:00:53]} 21. Nde4 {[%emt 0:01:05]} Nf6 {[%emt 0:01:50]} 22. Nxf6+ {[%emt 0:03:41]} Bxf6 {[%emt 0:01:26]} 23. Ne4 {[%emt 0:01:20]} Be7 {[%emt 0:00:33]} 24. Bg3 {[%emt 0:00:33]} Qc6 {[%emt 0:02:43]} 25. Re2 {[%emt 0:01:53]} b5 {[%emt 0:01:32]} 26. Bh4 {[%emt 0:02:49]} Bxh4 {[%emt 0:03:42]} 27. Qxh4 {[%emt 0:00:10]} Qc4 {[%emt 0:00:35]} 28. Ng3 {[%emt 0:05:58]} b4 {[%emt 0:04:13]} 29. Rc1 {[%emt 0:06:49]} bxc3 {[%emt 0:02:30]} 30. bxc3 {[%emt 0:00:07]} Qxa4 {[%emt 0:01:22]} 31. Qg4 {[%emt 0:00:11]} Rec8 {[%emt 0:00:56]} 32. Rec2 {[%emt 0:03:10]} Rc4 {[%emt 0:01:14]} 33. Qe2 {[%emt 0:01:24]} Rac8 {[%emt 0:00:34]} 34. Kh2 {[%emt 0:01:16]} Qc6 {[%emt 0:02:15]} 35. h4 {[%emt 0:00:32]} a5 {[%emt 0:02:02]} 36. h5 {[%emt 0:00:36]} gxh5 {[%emt 0:01:25]} 37. Qxh5 {[%emt 0:01:34]} Rxc3 {[%emt 0:01:18]} 38. d5 {[%emt 0:00:17]} Qxd5 {[%emt 0:05:25]} 39. Qxd5 {[%emt 0:00:12]} Rxc2 {[%emt 0:00:23]} 40. Qxb7 {[%emt 0:00:11]} Rxc1 {[%emt 0:00:06]} 41. Qa6 {[%emt 0:30:51]} R1c5 {[%emt 0:31:33]} 42. Ne4 {[%emt 0:02:15]} R5c6 {[%emt 0:04:35]} 43. Qxa5 {[%emt 0:00:00]} d5 44. Ng5 {[%emt 0:00:00]} Rc5 {[%emt 0:00:00]} 45. Qa7 {[%emt 0:00:00]} R5c7 {[%emt 0:00:00]} 46. Qf2 {[%emt 0:00:00]} g6 {[%emt 0:00:00]} 47. Qd4 {[%emt 0:00:00]} Re8 {[%emt 0:00:00]} 48. Qf6 {[%emt 0:00:00]} Ree7 {[%emt 0:00:00]} 49. Kg3 {[%emt 0:00:00]} Red7 {[%emt 0:00:00]} 50. Nf3 {[%emt 0:00:00]} Rc2 {[%emt 0:00:00]} 51. Ne5 {[%emt 0:00:00]} Rb7 {[%emt 0:00:00]} 52. Kh3 {[%emt 0:00:00]} Re2 {[%emt 0:00:00]} 53. Nc6 {[%emt 0:00:00]} Re4 {[%emt 0:00:00]} 54. Kg4 {[%emt 0:00:00]} Re2 {[%emt 0:00:00]} 55. g3 {[%emt 0:00:00]} Rh2 {[%emt 0:00:00]} 56. Qa1 {[%emt 0:00:00]} Rc7 {[%emt 0:00:00]} 57. Nd4 {[%emt 0:00:00]} Rh5 {[%emt 0:00:00]} 58. Nb5 {[%emt 0:00:00]} Rd7 {[%emt 0:00:00]} 59. Qa8+ {[%emt 0:00:00]} Kg7 {[%emt 0:00:00]} 60. Qc8 {[%emt 0:01:43]} Re7 {[%emt 0:00:00]} 61. Qc5 {[%emt 0:03:17]} Rd7 {[%emt 0:00:00]} 62. Nd6 {[%emt 0:01:03]} Rh8 {[%emt 0:00:53]} 63. Qc3+ {[%emt 0:00:45]} Kh7 64. Nb5 {[%emt 0:00:18]} Rhd8 {[%emt 0:03:57]} 65. Nd4 {[%emt 0:00:50]} Rf8 {[%emt 0:02:42]} 66. Kg5 {[%emt 0:01:09]} f6+ {[%emt 0:00:56]} 67. Kg4 {[%emt 0:00:13]} Re8 {[%emt 0:00:33]} 68. Qc6 {[%emt 0:00:29]} Rde7 {[%emt 0:00:18]} 69. Nb5 {[%emt 0:00:50]} Kg8 {[%emt 0:00:59]} 70. Kf3 {[%emt 0:01:01]} Rd8 {[%emt 0:00:28]} 71. Ke3 {[%emt 0:00:43]} Kf7 {[%emt 0:01:06]} 72. Nd6+ {[%emt 0:00:39]} Kf8 {[%emt 0:00:50]} 73. Nc8 {[%emt 0:00:43]} Red7 {[%emt 0:00:49]} 74. Kd4 {[%emt 0:00:48]} Kf7 {[%emt 0:00:15]} 75. g4 {[%emt 0:00:35]} g5 {[%emt 0:02:26]} 76. fxg5 {[%emt 0:00:43]} e5+ {[%emt 0:00:12]} 77. Kd3 {[%emt 0:00:12]} fxg5 {[%emt 0:00:15]} 78. Nb6 {[%emt 0:00:36]} Ra7 {[%emt 0:01:51]} 79. Qh6 {[%emt 0:00:40]} Ra3+ {[%emt 0:01:09]} 80. Kc2 {[%emt 0:00:06]} Ra2+ {[%emt 0:01:17]} 81. Kb3 {[%emt 0:00:27]} Ra6 {[%emt 0:00:42]} 82. Qh7+ {[%emt 0:00:32]} Ke6 {[%emt 0:03:54]} 83. Qg6+ {[%emt 0:00:17]} Ke7 {[%emt 0:00:06]} 84. Qxg5+ {[%emt 0:01:10]} Ke8 {[%emt 0:00:07]} 85. Qxe5+ {[%emt 0:00:15]} Kf7 {[%emt 0:00:22]} 86. Nxd5 {[%emt 0:00:15]} Rdd6 {[%emt 0:01:03]} 87. g5 {[%emt 0:00:26]} Re6 {[%emt 0:00:34]} 88. Qc7+ {[%emt 0:00:28]} Kf8 {[%emt 0:00:37]} 89. Qd8+ {[%emt 0:00:37]} Kf7 {[%emt 0:00:30]} 90. Qd7+ {[%emt 0:00:17]} Kf8 {[%emt 0:00:20]} 91. Kc4 {[%emt 0:00:22]} Rad6 {[%emt 0:00:41]} 92. Qh7 {[%emt 0:00:35]} Ra6 {[%emt 0:00:50]} 93. Qd7 {[%emt 0:00:38]} Rad6 {[%emt 0:00:13]} 94. Qc8+ {[%emt 0:00:08]} Kf7 {[%emt 0:01:06]} 95. Qc7+ {[%emt 0:00:06]} Kf8 {[%emt 0:01:22]} 96. Kc5 {[%emt 0:00:07]} Ra6 {[%emt 0:00:23]} 97. Nf6 {[%emt 0:00:12]} Ra8 {[%emt 0:01:29]} 98. Qh7 {[%emt 0:00:24]} Ra5+ {[%emt 0:02:06]} 99. Kd4 {[%emt 0:01:29]} Rxg5 {[%emt 0:00:25]} 100. Qh6+ {[%emt 0:00:39]} Rg7 {[%emt 0:00:07]} 101. Nh7+ {[%emt 0:00:08]} Kf7 {[%emt 0:00:25]} 102. Ng5+ {[%emt 0:00:07]} Rxg5 {[%emt 0:00:06]} 103. Qxg5 {[%emt 0:00:06]} Rf6 {[%emt 0:01:07]} 104. Ke5 {[%emt 0:00:17]} Rg6 {[%emt 0:00:31]} 105. Qf5+ {[%emt 0:00:21]} Kg7 {[%emt 0:00:05]} 106. Qd7+ {[%emt 0:00:16]} Kh6 {[%emt 0:00:16]} 107. Qf7 {[%emt 0:00:20]} Rg7 {[%emt 0:00:32]} 108. Qf8 {[%emt 0:00:20]} Kg6 {[%emt 0:00:11]} 109. Ke6 {[%emt 0:00:24]} Kh7 {[%emt 0:00:28]} 110. Qf5+ {[%emt 0:00:58]} Kg8 {[%emt 0:00:16]} 111. Qh5 {[%emt 0:00:11]} Ra7 {[%emt 0:00:34]} 112. Qg4+ {[%emt 0:01:33]} Rg7 {[%emt 0:00:17]} 113. Qc4 {[%emt 0:00:15]} Kh7 {[%emt 0:00:23]} 114. Kf6 {[%emt 0:00:10]} Rg6+ {[%emt 0:00:15]} 115. Kf7 {[%emt 0:00:31]} Rg7+ {[%emt 0:00:10]} 116. Kf8 {[%emt 0:00:15]} Rg5 {[%emt 0:00:42]} 117. Qe4+ {[%emt 0:00:33]} Kh6 {[%emt 0:00:14]} 118. Kf7 {[%emt 0:00:09]} Kh5 {[%emt 0:00:45]} 119. Kf6 {[%emt 0:00:18]} Rg3 {[%emt 0:00:35]} 120. Qe2+ {[%emt 0:00:53]} Kh4 {[%emt 0:00:08]} 121. Kf5 {[%emt 0:00:11]} Kh3 {[%emt 0:00:14]} 122. Qf1+ {[%emt 0:01:48]} Kh4 {[%emt 0:00:31]} 123. Qh1+ {[%emt 0:00:22]} Rh3 {[%emt 0:00:07]} 124. Qe4+ {[%emt 0:00:10]} Kg3 {[%emt 0:00:07]} 125. Qg4+ {[%emt 0:01:15]} Kh2 {[%emt 0:00:07]} 126. Qe2+ {[%emt 0:00:18]} Kg1 {[%emt 0:01:59]} 127. Kg4 {[%emt 0:00:29]} Rh2 {[%emt 0:00:15]} 128. Qe1+ {[%emt 0:01:35]} Kg2 {[%emt 0:00:06]} 129. Qe4+ {[%emt 0:00:24]} Kf2 {[%emt 0:00:40]} 130. Qf4+ {[%emt 0:00:54]} Kg1 {[%emt 0:00:40]} 131. Kg3 {[%emt 0:00:27]} Rg2+ {[%emt 0:00:17]} 132. Kh3 {[%emt 0:00:08]} Ra2 {[%emt 0:03:37]} 133. Qd4+ {[%emt 0:00:22]} Kf1 {[%emt 0:00:09]} 134. Qc4+ {[%emt 0:00:12]} Re2 {[%emt 0:00:11]} 135. Kg3 {[%emt 0:00:05]} 1-0

[Event "WJCC U20 Girls 2019"]
[Site "New Delhi"]
[Date "2019.10.19"]
[Round "6.23"]
[White "Potapova, Margarita"]
[Black "Zhang, Xiao"]
[Result "1/2-1/2"]
[WhiteElo "2377"]
[BlackElo "2053"]
[Annotator "NA"]
[PlyCount "156"]
[EventDate "2019.10.15"]
[EventType "swiss"]
[EventCountry "IND"]
[SourceTitle "playchess.com"]
[Source "ChessBase"]
[SourceQuality "1"]
[TimeControl "40/5400+30:1800+30"]

1. d4 Nf6 {[%emt 0:00:00]} 2. c4 {[%emt 0:00:00]} e6 {[%emt 0:00:00]} 3. Nf3 {[%emt 0:00:00]} d5 {[%emt 0:00:00]} 4. Nc3 {[%emt 0:00:00]} a6 {[%emt 0:00:00]} 5. cxd5 {[%emt 0:00:31]} exd5 {[%emt 0:00:00]} 6. Bg5 {[%emt 0:00:04]} Be6 {[%emt 0:00:08]} 7. e3 {[%emt 0:00:06]} Nbd7 {[%emt 0:00:06]} 8. Bd3 {[%emt 0:01:45]} h6 {[%emt 0:00:07]} 9. Bh4 {[%emt 0:02:31]} g5 {[%emt 0:00:08]} 10. Bg3 {[%emt 0:00:04]} Nh5 {[%emt 0:00:07]} 11. Be5 {[%emt 0:09:55]} Nhf6 {[%emt 0:00:07]} 12. Bg3 {[%emt 0:03:28]} Nh5 {[%emt 0:00:13]} 13. Qc2 {[%emt 0:07:50]} Nxg3 {[%emt 0:00:20]} 14. hxg3 {[%emt 0:00:35]} Bg7 {[%emt 0:00:26]} 15. O-O-O {[%emt 0:20:00]} c5 {[%emt 0:02:17]} 16. Kb1 {[%emt 0:03:52]} Rc8 {[%emt 0:11:23]} 17. Bf5 {[%emt 0:04:08]} O-O {[%emt 0:03:39]} 18. dxc5 {[%emt 0:14:49]} Nxc5 {[%emt 0:00:56]} 19. Nd4 {[%emt 0:01:25]} b5 {[%emt 0:02:20]} 20. a3 {[%emt 0:05:30]} Qf6 {[%emt 0:01:58]} 21. f4 {[%emt 0:03:21]} g4 {[%emt 0:12:52]} 22. Rh4 {[%emt 0:02:59]} Na4 {[%emt 0:03:19]} 23. Bxe6 {[%emt 0:05:54]} fxe6 {[%emt 0:03:03]} 24. Rxg4 {[%emt 0:00:57]} Nxc3+ {[%emt 0:06:08]} 25. bxc3 {[%emt 0:00:05]} Qe7 {[%emt 0:02:29]} 26. Kb2 {[%emt 0:03:08]} a5 {[%emt 0:05:15]} 27. f5 {[%emt 0:07:07]} b4 {[%emt 0:20:15]} 28. Nxe6 {[%emt 0:00:07]} Rxc3 {[%emt 0:01:58]} 29. Rxg7+ {[%emt 0:01:26]} Qxg7 {[%emt 0:00:05]} 30. Nxg7 {[%emt 0:00:05]} Rxc2+ {[%emt 0:00:04]} 31. Kxc2 {[%emt 0:00:03]} Rc8+ {[%emt 0:00:09]} 32. Kd3 {[%emt 0:03:07]} Kxg7 {[%emt 0:00:36]} 33. axb4 {[%emt 0:00:02]} axb4 {[%emt 0:00:08]} 34. Kd4 {[%emt 0:00:52]} Kf6 {[%emt 0:04:08]} 35. Rb1 {[%emt 0:01:02]} Kxf5 {[%emt 0:02:02]} 36. Rxb4 {[%emt 0:00:04]} Re8 {[%emt 0:05:12]} 37. Rb3 {[%emt 0:00:49]} Kg4 {[%emt 0:01:07]} 38. Rb6 {[%emt 0:00:44]} Kxg3 {[%emt 0:01:04]} 39. Rxh6 {[%emt 0:00:27]} Re4+ {[%emt 0:00:43]} 40. Kd3 {[%emt 0:00:32]} Kxg2 {[%emt 0:00:06]} 41. Rh5 {[%emt 0:30:19]} Kf3 {[%emt 0:31:34]} 42. Rf5+ {[%emt 0:00:11]} Kg4 {[%emt 0:00:27]} 43. Rxd5 {[%emt 0:00:11]} Re8 {[%emt 0:00:21]} 44. Kd4 {[%emt 0:00:00]} Kf3 {[%emt 0:00:00]} 45. Rf5+ {[%emt 0:00:00]} Kg4 {[%emt 0:00:00]} 46. e4 {[%emt 0:00:00]} Rd8+ {[%emt 0:00:00]} 47. Ke3 {[%emt 0:00:00]} Ra8 {[%emt 0:00:00]} 48. Rc5 {[%emt 0:00:00]} Rd8 {[%emt 0:00:00]} 49. Ra5 {[%emt 0:01:05]} Rd7 {[%emt 0:00:00]} 50. Rf5 {[%emt 0:01:05]} Ra7 {[%emt 0:00:00]} 51. Rb5 {[%emt 0:00:54]} Rd7 {[%emt 0:00:00]} 52. Ra5 {[%emt 0:01:08]} Rd8 {[%emt 0:00:00]} 53. Ra1 {[%emt 0:01:36]} Kg5 {[%emt 0:00:00]} 54. Rf1 {[%emt 0:00:23]} Re8 {[%emt 0:00:00]} 55. Rf5+ {[%emt 0:00:13]} Kg4 {[%emt 0:00:00]} 56. Rf6 {[%emt 0:00:48]} Kg5 {[%emt 0:00:00]} 57. Rf5+ {[%emt 0:00:09]} Kg4 {[%emt 0:00:00]} 58. Rf7 {[%emt 0:00:07]} Kg5 {[%emt 0:00:00]} 59. Kf3 {[%emt 0:00:32]} Re5 {[%emt 0:00:00]} 60. Ke3 {[%emt 0:00:56]} Re8 {[%emt 0:00:00]} 61. Rf1 {[%emt 0:00:52]} Ra8 {[%emt 0:00:00]} 62. Rf5+ {[%emt 0:00:08]} Kg4 {[%emt 0:00:00]} 63. Rd5 {[%emt 0:00:34]} Rb8 {[%emt 0:00:00]} 64. Kd4 {[%emt 0:00:29]} Re8 {[%emt 0:00:00]} 65. Rd7 {[%emt 0:00:36]} Ra8 {[%emt 0:00:00]} 66. Rg7+ {[%emt 0:00:23]} Kf4 {[%emt 0:00:00]} 67. Rf7+ {[%emt 0:00:01]} Kg4 {[%emt 0:00:00]} 68. e5 {[%emt 0:00:45]} Kg5 {[%emt 0:00:00]} 69. e6 {[%emt 0:00:40]} Kg6 {[%emt 0:00:00]} 70. Kd5 {[%emt 0:00:56]} Ra5+ {[%emt 0:00:00]} 71. Kd6 {[%emt 0:00:31]} Ra6+ {[%emt 0:00:00]} 72. Kd5 {[%emt 0:00:31]} Ra5+ {[%emt 0:00:00]} 73. Kd6 {[%emt 0:00:25]} Ra6+ {[%emt 0:00:00]} 74. Ke7 {[%emt 0:00:07]} Ra7+ {[%emt 0:00:00]} 75. Ke8 {[%emt 0:00:39]} Ra8+ {[%emt 0:00:00]} 76. Kd7 {[%emt 0:00:33]} Ra7+ {[%emt 0:00:00]} 77. Kd6 {[%emt 0:00:21]} Rxf7 {[%emt 0:00:00]} 78. exf7 {[%emt 0:00:03]} Kxf7 {[%emt 0:00:00]} 1/2-1/2

[Event "WJCC U20 Girls 2019"]
[Site "New Delhi"]
[Date "2019.10.19"]
[Round "6.24"]
[White "Harshini A"]
[Black "Gomez Barrera, Javiera Belen"]
[Result "0-1"]
[WhiteElo "2230"]
[BlackElo "2033"]
[Annotator "NA"]
[PlyCount "138"]
[EventDate "2019.10.15"]
[EventType "swiss"]
[EventCountry "IND"]
[SourceTitle "playchess.com"]
[Source "ChessBase"]
[SourceQuality "1"]
[TimeControl "40/5400+30:1800+30"]

1. e4 {[%emt 0:00:00]} e5 {[%emt 0:00:00]} 2. Nf3 {[%emt 0:00:00]} Nc6 {[%emt 0:00:00]} 3. Bb5 {[%emt 0:00:00]} a6 {[%emt 0:00:16]} 4. Ba4 {[%emt 0:00:00]} Nf6 {[%emt 0:00:11]} 5. O-O {[%emt 0:00:00]} Be7 {[%emt 0:00:11]} 6. Re1 {[%emt 0:00:06]} b5 {[%emt 0:00:11]} 7. Bb3 {[%emt 0:00:04]} d6 {[%emt 0:00:08]} 8. c3 {[%emt 0:00:04]} O-O {[%emt 0:00:09]} 9. d4 {[%emt 0:00:03]} Bg4 {[%emt 0:02:21]} 10. Be3 {[%emt 0:03:54]} exd4 {[%emt 0:02:14]} 11. cxd4 {[%emt 0:00:14]} Na5 {[%emt 0:00:16]} 12. Bc2 {[%emt 0:00:53]} c5 {[%emt 0:00:15]} 13. h3 {[%emt 0:00:50]} Bh5 {[%emt 0:00:33]} 14. Nbd2 {[%emt 0:01:46]} cxd4 {[%emt 0:27:38]} 15. Bxd4 {[%emt 0:00:26]} Nc6 {[%emt 0:00:28]} 16. Nb3 {[%emt 0:11:11]} Nd7 {[%emt 0:11:33]} 17. Bd3 {[%emt 0:07:23]} Nxd4 {[%emt 0:06:20]} 18. Nbxd4 {[%emt 0:00:09]} Bf6 {[%emt 0:00:19]} 19. Qd2 {[%emt 0:03:51]} Qb6 {[%emt 0:06:34]} 20. Bf1 {[%emt 0:11:18]} Rfe8 {[%emt 0:12:05]} 21. Rac1 {[%emt 0:27:11]} Nc5 {[%emt 0:04:02]} 22. Qc2 {[%emt 0:01:03]} Ne6 {[%emt 0:17:44]} 23. Nxe6 {[%emt 0:05:54]} Rxe6 {[%emt 0:00:23]} 24. Nd2 {[%emt 0:02:37]} Rae8 {[%emt 0:01:35]} 25. b4 {[%emt 0:02:25]} Bh4 {[%emt 0:02:03]} 26. Nf3 {[%emt 0:03:02]} Bxf3 {[%emt 0:00:56]} 27. gxf3 {[%emt 0:00:02]} h6 {[%emt 0:01:16]} 28. Re2 {[%emt 0:01:52]} Qd8 {[%emt 0:01:56]} 29. f4 {[%emt 0:00:40]} Qf6 {[%emt 0:01:17]} 30. Qd2 {[%emt 0:10:14]} g5 {[%emt 0:01:24]} 31. Bg2 {[%emt 0:00:30]} gxf4 {[%emt 0:00:15]} 32. Bf3 {[%emt 0:00:06]} Re5 {[%emt 0:00:48]} 33. Ree1 {[%emt 0:03:07]} Kh8 {[%emt 0:00:37]} 34. Rc6 {[%emt 0:01:41]} Qg7+ {[%emt 0:00:29]} 35. Kh1 {[%emt 0:01:57]} Rg8 {[%emt 0:00:26]} 36. Rxd6 Rg5 {[%emt 0:00:32]} 37. Bg4 {[%emt 0:02:51]} h5 {[%emt 0:00:29]} 38. Qxf4 {[%emt 0:00:48]} hxg4 {[%emt 0:00:15]} 39. hxg4 {[%emt 0:00:07]} Qh7 {[%emt 0:00:46]} 40. Qf6+ {[%emt 0:00:56]} R5g7 {[%emt 0:00:16]} 41. Qh6 {[%emt 0:02:27]} Rxg4 {[%emt 0:09:03]} 42. Re3 {[%emt 0:04:24]} Bxf2 {[%emt 0:06:50]} 43. Qxh7+ Kxh7 {[%emt 0:00:05]} 44. Rh3+ {[%emt 0:00:13]} Bh4 {[%emt 0:02:30]} 45. Rf3 {[%emt 0:02:15]} Rg1+ {[%emt 0:06:33]} 46. Kh2 {[%emt 0:00:06]} Bg3+ {[%emt 0:00:32]} 47. Kxg1 {[%emt 0:00:07]} Bxd6+ {[%emt 0:00:01]} 48. Kf2 {[%emt 0:00:11]} Kg7 {[%emt 0:00:55]} 49. a3 {[%emt 0:01:06]} Rc8 {[%emt 0:00:48]} 50. Rd3 {[%emt 0:00:44]} Be5 {[%emt 0:00:27]} 51. Rd5 {[%emt 0:00:23]} Kf6 {[%emt 0:01:22]} 52. a4 {[%emt 0:00:35]} bxa4 {[%emt 0:00:16]} 53. Ra5 {[%emt 0:00:06]} Rc6 {[%emt 0:00:48]} 54. Rxa4 {[%emt 0:00:08]} Bc3 {[%emt 0:01:03]} 55. Ke3 {[%emt 0:00:27]} Rb6 {[%emt 0:00:22]} 56. Kd3 {[%emt 0:00:51]} Bxb4 {[%emt 0:00:07]} 57. Kc4 {[%emt 0:00:10]} a5 {[%emt 0:00:09]} 58. Ra1 {[%emt 0:00:10]} Ke5 {[%emt 0:01:05]} 59. Rf1 {[%emt 0:01:05]} Rf6 60. Rh1 Kxe4 {[%emt 0:00:34]} 61. Rh4+ {[%emt 0:01:00]} Rf4 {[%emt 0:00:07]} 62. Rh5 {[%emt 0:00:05]} f5 {[%emt 0:00:19]} 63. Rh8 {[%emt 0:00:07]} Ke3+ {[%emt 0:00:23]} 64. Kb3 {[%emt 0:00:05]} Rf3 {[%emt 0:00:23]} 65. Re8+ {[%emt 0:00:09]} Kf2+ {[%emt 0:00:07]} 66. Ka2 {[%emt 0:00:17]} f4 {[%emt 0:00:15]} 67. Rc8 {[%emt 0:00:31]} Kg2 {[%emt 0:00:42]} 68. Rg8+ {[%emt 0:00:11]} Rg3 {[%emt 0:00:05]} 69. Re8 {[%emt 0:00:32]} f3 {[%emt 0:00:13]} 0-1

[Event "WJCC U20 Girls 2019"]
[Site "New Delhi"]
[Date "2019.10.19"]
[Round "6.25"]
[White "Fretel, Liza"]
[Black "Cervantes Landeiro, Thalia"]
[Result "0-1"]
[WhiteElo "1877"]
[BlackElo "2176"]
[Annotator "NA"]
[PlyCount "66"]
[EventDate "2019.10.15"]
[EventType "swiss"]
[EventCountry "IND"]
[SourceTitle "playchess.com"]
[Source "ChessBase"]
[SourceQuality "1"]
[TimeControl "40/5400+30:1800+30"]

1. e4 {[%emt 0:00:00]} c5 {[%emt 0:00:00]} 2. Nc3 {[%emt 0:00:00]} Nc6 {[%emt 0:00:00]} 3. g3 {[%emt 0:00:00]} g6 {[%emt 0:00:01]} 4. Bg2 {[%emt 0:00:13]} Bg7 {[%emt 0:00:10]} 5. d3 {[%emt 0:00:08]} e6 {[%emt 0:01:16]} 6. Be3 {[%emt 0:00:07]} d6 {[%emt 0:00:30]} 7. Nh3 {[%emt 0:02:08]} Nge7 {[%emt 0:02:00]} 8. f4 {[%emt 0:01:37]} Rb8 {[%emt 0:05:06]} 9. O-O {[%emt 0:01:28]} O-O {[%emt 0:01:55]} 10. Qd2 {[%emt 0:05:15]} Qa5 {[%emt 0:08:27]} 11. Kh1 {[%emt 0:04:16]} b5 {[%emt 0:04:24]} 12. f5 {[%emt 0:02:20]} exf5 {[%emt 0:06:06]} 13. exf5 {[%emt 0:00:28]} Nxf5 {[%emt 0:04:04]} 14. Ng5 {[%emt 0:17:37]} Ncd4 {[%emt 0:06:53]} 15. Bf4 {[%emt 0:05:10]} Qd8 {[%emt 0:13:17]} 16. Nge4 {[%emt 0:12:04]} Ne6 {[%emt 0:09:37]} 17. a4 {[%emt 0:07:26]} Nxf4 {[%emt 0:02:26]} 18. Qxf4 {[%emt 0:00:35]} b4 {[%emt 0:10:09]} 19. Nd1 {[%emt 0:00:54]} Be5 {[%emt 0:01:10]} 20. Qd2 {[%emt 0:02:35]} Bb7 {[%emt 0:03:26]} 21. c3 {[%emt 0:05:22]} bxc3 {[%emt 0:01:22]} 22. bxc3 {[%emt 0:00:13]} Qe7 {[%emt 0:02:23]} 23. Ne3 {[%emt 0:03:21]} Nxe3 {[%emt 0:01:13]} 24. Qxe3 {[%emt 0:00:04]} f5 {[%emt 0:01:00]} 25. Ng5 {[%emt 0:03:05]} Bxg2+ {[%emt 0:00:24]} 26. Kxg2 {[%emt 0:00:05]} Rb2+ {[%emt 0:00:42]} 27. Kh1 {[%emt 0:07:04]} Qb7+ {[%emt 0:01:29]} 28. Nf3 {[%emt 0:01:47]} f4 {[%emt 0:02:17]} 29. gxf4 {[%emt 0:00:38]} Rxf4 {[%emt 0:00:58]} 30. d4 {[%emt 0:03:35]} Rxh2+ {[%emt 0:03:45]} 31. Kxh2 {[%emt 0:00:54]} Rxf3+ {[%emt 0:00:11]} 32. Qxe5 {[%emt 0:02:28]} dxe5 {[%emt 0:00:12]} 33. Rab1 {[%emt 0:00:55]} Qe4 {[%emt 0:00:18]} 0-1

[Event "WJCC U20 Girls 2019"]
[Site "New Delhi"]
[Date "2019.10.19"]
[Round "6.26"]
[White "Eesha Ajay Sarda"]
[Black "Nilssen, Ellen Fredericia"]
[Result "0-1"]
[WhiteElo "1744"]
[BlackElo "2137"]
[Annotator "NA"]
[PlyCount "108"]
[EventDate "2019.10.15"]
[EventType "swiss"]
[EventCountry "IND"]
[SourceTitle "playchess.com"]
[Source "ChessBase"]
[SourceQuality "1"]
[TimeControl "40/5400+30:1800+30"]

1. e4 e6 {[%emt 0:00:00]} 2. d4 {[%emt 0:00:00]} d5 {[%emt 0:00:00]} 3. exd5 {[%emt 0:00:00]} exd5 {[%emt 0:00:00]} 4. Bd3 {[%emt 0:00:00]} c5 {[%emt 0:00:54]} 5. dxc5 {[%emt 0:00:44]} Bxc5 {[%emt 0:00:13]} 6. Nf3 {[%emt 0:00:24]} Nf6 {[%emt 0:06:59]} 7. O-O {[%emt 0:01:26]} O-O {[%emt 0:00:08]} 8. h3 {[%emt 0:00:41]} Nc6 {[%emt 0:04:47]} 9. Nc3 {[%emt 0:05:24]} a6 {[%emt 0:04:03]} 10. Bg5 {[%emt 0:05:55]} Be6 {[%emt 0:03:12]} 11. Ne2 {[%emt 0:06:10]} h6 {[%emt 0:08:15]} 12. Bf4 {[%emt 0:11:49]} Ne4 {[%emt 0:06:45]} 13. Qc1 {[%emt 0:19:17]} Qf6 {[%emt 0:02:19]} 14. Nd2 {[%emt 0:08:20]} Nxf2 {[%emt 0:04:36]} 15. Kh2 {[%emt 0:03:49]} Nxd3 {[%emt 0:05:13]} 16. cxd3 {[%emt 0:00:54]} Qe7 {[%emt 0:00:10]} 17. Nf3 {[%emt 0:03:06]} Rac8 {[%emt 0:02:09]} 18. Qd2 {[%emt 0:02:02]} Rfe8 {[%emt 0:04:38]} 19. Ng3 {[%emt 0:06:19]} Bd6 {[%emt 0:04:00]} 20. a3 {[%emt 0:03:00]} d4 {[%emt 0:05:14]} 21. Rae1 {[%emt 0:02:04]} Bxf4 {[%emt 0:03:03]} 22. Qxf4 {[%emt 0:00:12]} Qc7 {[%emt 0:00:24]} 23. Qh4 {[%emt 0:03:56]} Qb6 {[%emt 0:04:40]} 24. b4 {[%emt 0:03:00]} Qb5 {[%emt 0:03:45]} 25. Ne4 {[%emt 0:02:53]} Qd5 {[%emt 0:03:12]} 26. Qg3 {[%emt 0:01:07]} Qb3 {[%emt 0:05:09]} 27. Nf6+ {[%emt 0:01:51]} Kh8 {[%emt 0:00:16]} 28. Nxe8 {[%emt 0:00:17]} Rxe8 {[%emt 0:00:08]} 29. Ne5 {[%emt 0:01:39]} Nxe5 {[%emt 0:06:40]} 30. Qxe5 {[%emt 0:00:06]} Qxd3 {[%emt 0:00:35]} 31. Rf3 {[%emt 0:00:32]} Qd2 {[%emt 0:01:27]} 32. Rg3 {[%emt 0:00:34]} Rg8 {[%emt 0:00:46]} 33. Re4 {[%emt 0:01:21]} d3 {[%emt 0:02:06]} 34. Qd4 {[%emt 0:01:25]} Bf5 {[%emt 0:02:33]} 35. Re8 {[%emt 0:00:38]} Bg6 {[%emt 0:00:33]} 36. Rge3 {[%emt 0:05:28]} Rxe8 {[%emt 0:01:34]} 37. Rxe8+ {[%emt 0:00:02]} Kh7 {[%emt 0:00:09]} 38. Rd8 {[%emt 0:00:54]} Qe2 {[%emt 0:01:47]} 39. Qg4 {[%emt 0:01:12]} Qb2 {[%emt 0:03:22]} 40. a4 {[%emt 0:00:35]} h5 {[%emt 0:01:58]} 41. Qf4 {[%emt 0:06:50]} Qe2 {[%emt 0:11:43]} 42. Rd4 {[%emt 0:04:30]} Qe8 {[%emt 0:02:51]} 43. a5 {[%emt 0:01:32]} Qe2 {[%emt 0:00:10]} 44. Qg5 {[%emt 0:02:55]} Be4 {[%emt 0:03:02]} 45. Rd7 {[%emt 0:01:41]} Bg6 {[%emt 0:00:39]} 46. Rd4 {[%emt 0:03:48]} Be4 {[%emt 0:00:09]} 47. Rd7 {[%emt 0:01:13]} Bg6 {[%emt 0:00:09]} 48. Qg3 {[%emt 0:02:54]} Qb2 {[%emt 0:05:23]} 49. Qf4 {[%emt 0:00:12]} Qe2 {[%emt 0:00:16]} 50. Qf3 {[%emt 0:00:45]} Be4 {[%emt 0:00:55]} 51. Qg3 {[%emt 0:03:37]} d2 {[%emt 0:00:22]} 52. Rxf7 {[%emt 0:02:35]} Bg6 {[%emt 0:00:07]} 53. Rc7 {[%emt 0:01:26]} d1=Q {[%emt 0:00:41]} 54. Qc3 {[%emt 0:00:18]} Qd6+ {[%emt 0:00:19]} 0-1